[Event "American Continental 18th"]
[Site "Medellin"]
[Date "2024.05.27"]
[Round "5"]
[White "Francisco Guecamburu, Candela Be"]
[Black "Markzon, Gregory"]
[Result "1-0"]
[WhiteElo "2292"]
[BlackElo "2002"]
[PlyCount "61"]
[EventDate "2024.05.24"]
[EventType "swiss"]
[EventRounds "11"]
[EventCountry "COL"]
[SourceTitle "CBM 220 Extra"]
[Source "ChessBase"]
[SourceDate "2024.07.31"]
[SourceVersion "1"]
[SourceVersionDate "2024.07.31"]
[SourceQuality "1"]

1. d4 Nf6 2. Nc3 d5 3. Bf4 e6 4. Nb5 Na6 5. a3 Be7 6. e3 0-0 7. Nf3 Ne4 8. Bd3 f5 9. Bxe4 fxe4 10. Ne5 c6 11. Nc3 c5 12. Qd2 cxd4 13. exd4 Nb8 14. f3 exf3 15. Nxf3 Nc6 16. 0-0 a6 17. Rae1 Bf6 18. Nd1 Bd7 19. Nf2 Qb6 20. c3 Na5 21. Nd3 Bb5 22. Rf2 Rae8 23. Nde5 Nc4 24. Nxc4 dxc4 25. Bg5 Qd8 26. Bxf6 gxf6 27. Re4 Rf7 28. Rg4+ Kh8 29. Ne5 Rc7 30. Qf4 Rf8 31. Qh6 1-0

[Event "Wch Seniors 65 30th"]
[Site "Assisi"]
[Date "2022.11.20"]
[Round "6"]
[White "Kiefer, Gerhard"]
[Black "Markzon, Gregory"]
[Result "0-1"]
[WhiteElo "2260"]
[BlackElo "2042"]
[PlyCount "104"]
[EventDate "2022.11.15"]
[EventType "swiss"]
[EventRounds "11"]
[EventCountry "ITA"]
[SourceTitle "CBM 211 Extra"]
[Source "ChessBase"]
[SourceDate "2023.01.31"]
[SourceVersion "1"]
[SourceVersionDate "2023.01.31"]
[SourceQuality "1"]

1. e4 c5 2. Nf3 d6 3. d4 cxd4 4. Nxd4 Nf6 5. Nc3 a6 6. f4 e5 7. Nf3 Nbd7 8. a4 Be7 9. Bd3 0-0 10. 0-0 b6 11. Qe1 Bb7 12. Kh1 Re8 13. fxe5 dxe5 14. Qg3 Qc7 15. Nh4 Nf8 16. Nf5 Ng6 17. Nxe7+ Rxe7 18. Bg5 Re6 19. Bxf6 Rxf6 20. Rxf6 gxf6 21. Rf1 Qd6 22. Bc4 Rd8 23. h4 Kf8 24. h5 Nf4 25. h6 Ng6 26. Bd5 Bc8 27. Ne2 Ke7 28. Qb3 Be6 29. Rd1 Qc5 30. Rd3 Bxd5 31. Rxd5 Rxd5 32. exd5 Qf2 33. Qb4+ Kd7 34. Qg4+ f5 35. Qc4 Qh4+ 36. Qxh4 Nxh4 37. c4 a5 38. Ng3 f4 39. Ne4 Nf5 40. Ng5 f6 41. Nxh7 Ke7 42. Ng5 Nxh6 43. Ne6 Kd6 44. Ng7 e4 45. Kg1 Nf7 46. b3 Kc5 47. Nf5 Kb4 48. d6 Kxb3 49. d7 Kxa4 50. Kf2 Nd8 51. Ke2 Kb4 52. Nd6 a4 0-1

[Event "Wch Seniors 65 30th"]
[Site "Assisi"]
[Date "2022.11.16"]
[Round "2"]
[White "Hebert, Jean"]
[Black "Markzon, Gregory"]
[Result "1-0"]
[WhiteElo "2333"]
[BlackElo "2042"]
[PlyCount "57"]
[EventDate "2022.11.15"]
[EventType "swiss"]
[EventRounds "11"]
[EventCountry "ITA"]
[SourceTitle "CBM 211 Extra"]
[Source "ChessBase"]
[SourceDate "2023.01.31"]
[SourceVersion "1"]
[SourceVersionDate "2023.01.31"]
[SourceQuality "1"]

1. Nf3 Nf6 2. c4 g6 3. Nc3 Bg7 4. d4 0-0 5. e4 d6 6. h3 e5 7. d5 c6 8. Be3 b5 9. dxc6 b4 10. Nd5 Nxc6 11. Bg5 Be6 12. Bd3 Bxd5 13. cxd5 Ne7 14. 0-0 Nh5 15. g3 h6 16. Bd2 Rb8 17. Rc1 Qb6 18. Be3 Qb7 19. Qa4 Nxd5 20. exd5 Qxd5 21. Be2 Qe6 22. Kg2 d5 23. Qc6 d4 24. Qxe6 fxe6 25. Bd2 e4 26. Nh4 d3 27. Bg4 Rb7 28. Bxe6+ Kh7 29. Bd5 1-0

[Event "PNWCC Online Masters Artist Point"]
[Site "Chess.com INT"]
[Date "2020.09.05"]
[Round "3"]
[White "Wheeler, Cameron"]
[Black "Markzon, Gregory"]
[Result "1-0"]
[WhiteElo "2398"]
[BlackElo "2069"]
[PlyCount "67"]
[EventDate "2020.09.05"]
[EventType "swiss"]
[EventRounds "9"]
[EventCountry "USA"]
[SourceTitle "CBM 198 Extra"]
[Source "ChessBase"]
[SourceDate "2020.11.30"]
[SourceVersion "1"]
[SourceVersionDate "2020.11.30"]
[SourceQuality "1"]

1. d4 Nf6 2. c4 g6 3. Nc3 Bg7 4. Nf3 0-0 5. h3 d6 6. g3 Nc6 7. Bg2 e5 8. d5 Ne7 9. e4 Ne8 10. 0-0 h6 11. Ne1 f5 12. Nd3 Nf6 13. Kh2 c5 14. f4 Nxe4 15. Nxe4 fxe4 16. Bxe4 Bf5 17. Bxf5 Nxf5 18. fxe5 dxe5 19. Nxc5 Nd4 20. Be3 Qb6 21. Bxd4 exd4 22. Nd3 Rfe8 23. c5 Qb5 24. Rf3 Re4 25. Qb3 Re2+ 26. Kg1 Qe8 27. d6+ Kh7 28. Qxb7 Rb8 29. Qd5 Rd2 30. Re1 Qb5 31. Re7 Rd1+ 32. Kg2 Rxd3 33. Rxg7+ Kh8 34. Rh7+ 1-0

[Event "World op 48th"]
[Site "ICC INT"]
[Date "2020.08.07"]
[Round "3"]
[White "Markzon, Gregory"]
[Black "Chen, Justin"]
[Result "0-1"]
[WhiteElo "2069"]
[BlackElo "2247"]
[PlyCount "132"]
[EventDate "2020.08.07"]
[EventType "swiss"]
[EventRounds "9"]
[EventCountry "USA"]
[SourceTitle "CBM 197 Extra"]
[Source "ChessBase"]
[SourceDate "2020.09.30"]
[SourceVersion "1"]
[SourceVersionDate "2020.09.30"]
[SourceQuality "1"]

1. d4 Nf6 2. c4 e6 3. Nc3 d5 4. cxd5 Nxd5 5. Nf3 c5 6. e3 cxd4 7. exd4 Bb4 8. Bd2 0-0 9. Bd3 Nc6 10. 0-0 Be7 11. a3 Nf6 12. Bf4 b6 13. Re1 Bb7 14. Bc2 Re8 15. Qd3 g6 16. Bg5 Rc8 17. Rad1 Nd5 18. Bxe7 Ncxe7 19. Ba4 Nxc3 20. bxc3 Bc6 21. Bb3 Bxf3 22. Qxf3 Qd6 23. a4 Qc6 24. Re3 Qxf3 25. Rxf3 Red8 26. Kf1 Rc7 27. Ke2 Kg7 28. Kd2 Nf5 29. g4 Nd6 30. Kc2 Ne4 31. Kb2 Rdc8 32. Rdd3 h6 33. Rde3 Nf6 34. h3 Rd8 35. Re5 Nd7 36. Ree3 Nb8 37. Rd3 Nc6 38. Rde3 Rd6 39. Re4 Na5 40. Re5 Nc6 41. Re4 Rcd7 42. Ree3 g5 43. Re4 a6 44. Kc2 b5 45. axb5 axb5 46. Rd3 b4 47. Ba4 Rc7 48. c4 b3+ 49. Bxb3 Nb4+ 50. Kc3 Nxd3 51. Kxd3 Kf6 52. Kc3 Ra6 53. c5 Rb7 54. Re3 Ra1 55. d5 Rc1+ 56. Kd2 Rxc5 57. dxe6 fxe6 58. Rxe6+ Kg7 59. Re3 Rcb5 60. Bc2 Rb2 61. Rc3 Re7 62. Rc6 Ra2 63. Kd1 Ra1+ 64. Kd2 Rf1 65. Bf5 Rxf2+ 66. Kd1 Ra7 0-1

[Event "World op 48th"]
[Site "ICC INT"]
[Date "2020.08.07"]
[Round "1"]
[White "Markzon, Gregory"]
[Black "Santos Latasa, Jaime"]
[Result "0-1"]
[WhiteElo "2069"]
[BlackElo "2575"]
[PlyCount "82"]
[EventDate "2020.08.07"]
[EventType "swiss"]
[EventRounds "9"]
[EventCountry "USA"]
[SourceTitle "CBM 197 Extra"]
[Source "ChessBase"]
[SourceDate "2020.09.30"]
[SourceVersion "1"]
[SourceVersionDate "2020.09.30"]
[SourceQuality "1"]

1. d4 Nf6 2. c4 e6 3. Nc3 Bb4 4. e3 0-0 5. Bd3 d5 6. a3 Bxc3+ 7. bxc3 dxc4 8. Bxc4 c5 9. Nf3 Qc7 10. Ba2 b5 11. 0-0 Bb7 12. Ne5 Nc6 13. f4 Ne7 14. Bb1 Rac8 15. Qe1 Be4 16. Ng4 Ned5 17. Nxf6+ Nxf6 18. Bd2 Qc6 19. Bxe4 Nxe4 20. f5 exf5 21. Rxf5 Rfe8 22. Rc1 Qe6 23. Re5 Qa2 24. Rxe8+ Rxe8 25. Rd1 Qxa3 26. c4 bxc4 27. Bc1 Qb4 28. Qh4 Qb3 29. Rf1 c3 30. dxc5 Nxc5 31. Qd4 Rc8 32. h3 h6 33. e4 c2 34. e5 Nd3 35. e6 fxe6 36. Qd7 Rf8 37. Rxf8+ Kxf8 38. Qc8+ Kf7 39. Be3 c1Q+ 40. Bxc1 Qd1+ 41. Kh2 Nxc1 0-1

[Event "PNWCC Online Masters WOO"]
[Site "Chess.com INT"]
[Date "2020.07.06"]
[Round "9"]
[White "Sivakumar, Shaaketh"]
[Black "Markzon, Gregory"]
[Result "1-0"]
[WhiteElo "1870"]
[BlackElo "2069"]
[PlyCount "75"]
[EventDate "2020.07.04"]
[EventType "swiss (rapid)"]
[EventRounds "9"]
[EventCountry "USA"]
[SourceTitle "CBM 197 Extra"]
[Source "ChessBase"]
[SourceDate "2020.09.30"]
[SourceVersion "1"]
[SourceVersionDate "2020.09.30"]
[SourceQuality "1"]

1. d4 Nf6 2. Bf4 g6 3. Nc3 d5 4. e3 Bg7 5. h4 h5 6. Be2 Nbd7 7. Nb5 0-0 8. Bxc7 Qe8 9. Bf4 Qd8 10. Nf3 a6 11. Nc3 b5 12. 0-0 b4 13. Nb1 Bb7 14. c3 a5 15. a3 Qb6 16. c4 dxc4 17. Bxc4 Rac8 18. Nbd2 Rfd8 19. Qe2 e6 20. Bd3 Nd5 21. Bg3 Bf8 22. Nc4 Qa7 23. Nd6 Rc6 24. Nxb7 Qxb7 25. Bb5 Rb6 26. a4 N7f6 27. Ne5 Ne4 28. Nc4 Nxg3 29. fxg3 Bh6 30. Rf3 Rxb5 31. axb5 Qxb5 32. Rxa5 Qb7 33. Ne5 Qc7 34. Rc5 Qb6 35. Nxf7 Bxe3+ 36. Kh2 Rf8 37. Rxd5 exd5 38. Qxe3 1-0

[Event "PNWCC Online Masters WOO"]
[Site "Chess.com INT"]
[Date "2020.07.04"]
[Round "1.14"]
[White "Kovalev, Vladislav"]
[Black "Markzon, Gregory"]
[Result "1-0"]
[WhiteElo "2648"]
[BlackElo "2069"]
[PlyCount "75"]
[EventDate "2020.07.04"]
[EventType "swiss (rapid)"]
[EventRounds "9"]
[EventCountry "USA"]
[SourceTitle "CBM 197 Extra"]
[Source "ChessBase"]
[SourceDate "2020.09.30"]
[SourceVersion "1"]
[SourceVersionDate "2020.09.30"]
[SourceQuality "1"]

1. e4 Nf6 2. e5 Nd5 3. d4 d6 4. Nf3 Bg4 5. Be2 e6 6. h3 Bh5 7. 0-0 Be7 8. c4 Nb6 9. Nc3 0-0 10. Be3 d5 11. c5 Nc4 12. Bxc4 dxc4 13. Qa4 Bxf3 14. gxf3 f6 15. Qxc4 fxe5 16. Qxe6+ Kh8 17. dxe5 Rxf3 18. Kg2 Qf8 19. b4 Nc6 20. b5 Nd8 21. Qd5 Rf5 22. f4 c6 23. bxc6 Nxc6 24. Ne4 Rh5 25. Nd6 Bxd6 26. cxd6 Qf5 27. Rf3 Rh6 28. Raf1 Rf8 29. R1f2 Rg6+ 30. Rg3 Nb4 31. Qf3 Nd3 32. Rf1 Nxe5 33. fxe5 Qc2+ 34. Qf2 Rxf2+ 35. Rxf2 Qe4+ 36. Kh2 Kg8 37. d7 Qd5 38. Rd2 1-0